| 000 | 00805nam a2200193Ii 4500 | ||
|---|---|---|---|
| 003 | JO-AjNU | ||
| 008 | 230605s9999||||xx |||||||||||||| ||und|| | ||
| 040 |
_aJO-AjNU _bara _erda _cJO-AjNU |
||
| 041 | _aara | ||
| 050 | 1 | 4 | _aHF5679.A28 2009 |
| 100 | 3 |
_aعبداللطيف، ناصر نور الدين, _eauthor _928784 |
|
| 245 | 0 | 0 | _aالاتجاهات الحديثة في المحاسبة الادارية وتكنولوجيا المعلومات : دراسات في المحاسبة الادارية المتقدمة وتطبيقاتها على الحاسب |
| 264 | 3 | 1 | _aالاسكندرية: الدار الجامعية، 2009 |
| 300 | _a586ص | ||
| 336 |
_atext _btxt _2rdacontent |
||
| 337 |
_aunmediated _bn _2rdamedia |
||
| 338 |
_avolume _bnc _2rdacarrier |
||
| 650 | 4 |
_aالمحاسبة _928785 |
|
| 999 |
_aA11207 _c14775 _d14775 |
||